Chuông gió : Tập truyện ngắn

Uloženo v:
Podrobná bibliografie
Hlavní autor: Phan, Mai Hương
Médium: Kniha
Jazyk:Undetermined
Vydáno: Hà Nội Hội nhà văn 2018
Témata:
Tagy: Přidat tag
Žádné tagy, Buďte první, kdo otaguje tento záznam!
Thư viện lưu trữ: Trung tâm Học liệu Trường Đại học Cần Thơ
LEADER 00562nam a2200193Ia 4500
001 CTU_228822
008 210402s9999 xx 000 0 und d
082 |a 895.9223 
082 |b H561 
100 |a Phan, Mai Hương 
245 0 |a Chuông gió : 
245 0 |b Tập truyện ngắn 
245 0 |c Phan Mai Hương 
260 |a Hà Nội 
260 |b Hội nhà văn 
260 |c 2018 
650 |a Truyện ngắn Việt Nam,Short stories, Vietnamese 
910 |b nthai 
980 |a Trung tâm Học liệu Trường Đại học Cần Thơ